| 000 | 00000nam##2200000za#4500 |
| 001 | 9.684430 |
| 003 | CaOODSP |
| 005 | 20210615134210 |
| 007 | ta |
| 008 | 150407|2008||||xxc||||| f|0| 0 fre|d |
| 020 | |a978-1-100-90404-7 |
| 040 | |aCaOODSP|bfre |
| 043 | |an-cn--- |
| 086 | 1 |aFs154-15/2008F |
| 110 | 2 |aGarde côtière canadienne. |
| 245 | 10|aRapport sur les événements relatifs au chavirement et au naufrage de l'Acadien II au large de la côte du Cap-Breton les 28 et 29 mars 2008 |
| 260 | |aOttawa - Ontario : |bPêches et Océans Canada. |c2008. |
| 300 | |a111p. : |bfigures en couleur, carte en couleur, glossaire, références, photographies ; |c28 cm. + |e1 DVD sous le même titre. |
| 563 | |aCouverture souple |
| 590 | |a08-50|b2008-12-12 |
| 691 | 07|aAccident maritime|2gcpds |
| 775 | 08|tReport on events related to the capsizing & sinking of l'Acadien II off the Coast of Cape Breton 28/29 March 2008 |w(CaOODSP)9.651400 |
| 776 | 0#|tRapport sur les événements relatifs au chavirement et au naufrage de l'Acadien II au large de la côte du Cap-Breton les 28 et 29 mars 2008 |w(CaOODSP)9.635966 |
| 776 | 0#|tReport on events related to the capsizing & sinking of l'Acadien II off the Coast of Cape Breton 28/29 March 2008 |w(CaOODSP)9.670797 |
| 776 | 0#|tRapport sur les événements relatifs au chavirement et au naufrage de l'Acadien II au large de la côte du Cap-Breton les 28 et 29 mars 2008 |w(CaOODSP)9.670798 |